Enviroment and the Adivasi World/ (Record no. 210442)

MARC details
000 -LEADER
fixed length control field 00559nam a22001937a 4500
005 - DATE AND TIME OF LATEST TRANSACTION
control field 20250324114445.0
010 ## - LCCN (DPL NO)
LC control number ENG-144199
020 ## - INTERNATIONAL STANDARD BOOK NUMBER
Terms of availability 495.00
International Standard Book Number 978819296325
035 ## - SYSTEM CONTROL NUMBER
System control number EN-127731
037 ## - SOURCE OF ACQUISITION
Source of stock number/acquisition DBAD
082 ## - DEWEY DECIMAL CLASSIFICATION NUMBER
Classification number 303
100 ## - MAIN ENTRY--PERSONAL NAME
Personal name Sarkar, Mahua
245 ## - TITLE STATEMENT
Title Enviroment and the Adivasi World/
Statement of responsibility, etc Mahua Sarkar
260 ## - PUBLICATION, DISTRIBUTION, ETC. (IMPRINT)
Place of publication, distribution, etc Kolkata
Name of publisher, distributor, etc Jadavpur University & Alphabet Books
Date of publication, distribution, etc 2017
270 ## - ADDRESS
Address 5/1,Ramnath Majumdar Street
City Kolkata
Postal code 700009
300 ## - PHYSICAL DESCRIPTION
Extent 273p
Dimensions 22cm(pb)
700 ## - ADDED ENTRY--PERSONAL NAME
9 (RLIN) 79717
942 ## - ADDED ENTRY ELEMENTS (KOHA)
Source of classification or shelving scheme Dewey Decimal Classification
Item type English Books
Classification part 303
Call number suffix SAR
Edition 1
Holdings
Withdrawn status Lost status Not for loan Collection code Home library Current library Date acquired Source of acquisition Cost, normal purchase price Full call number Barcode Copy number Cost, replacement price Koha item type
      Non-fiction Patel Nagar Patel Nagar 24/03/2025 DBAD 4975.00 303 SAR EN-127731 1 495.00 English Books

© Delhi Public Library
Hit Counter
free hit counter